Ensaio sobre o conted︢o jurd̕ico da confianȧ legt̕ima e sua incidn̊cia no setor de infraestrutura

Detalles Bibliográficos
Autor principal: Ferraz Dal Pozzo, Antonio Araldo
Otros Autores: Dal Pozzo, Augusto Neves
Formato: eBook
Lenguaje:portugués
Publicado: San Pablo: Editora ContraCorrente, 2018
Materias:
Acceso en línea:Acceso restringido

MARC

LEADER 00000nam a22000007a 4500
005 20191014234136.0
007 cr|||| ||||
008 191014s2018 br |||||s|||| 00||0 por d
020 |a 978-85-69220-44-2 
035 |a 30564 
040 |a vLex 
090 |c 9807  |d 9807 
100 1 |a Ferraz Dal Pozzo, Antonio Araldo 
245 1 0 |a Ensaio sobre o conted︢o jurd̕ico da confianȧ legt̕ima e sua incidn̊cia no setor de infraestrutura  |h [Recurso electrn̤ico] /  |c Antonio Araldo Ferraz Dal Pozzo, Augusto Neves Dal Pozzo 
256 |a Servicio en ln̕ea 
260 |a San Pablo:  |b Editora ContraCorrente,  |c 2018 
300 |a 1 recurso electrn̤ico 
500 |a A Editora Contracorrente traz ao pb︢lico o “Ensaio sobre o conted︢o jurd̕ico da confianȧ legt̕ima e sua incidn̊cia no setor de infraestrutura”, dos aclamados advogados Antonio Araldo Ferraz Dal Pozzo e Augusto Neves Dal Pozzo. Trata-se de uma original reflexô sobre o conted︢o jurd̕ico da confianȧ legt̕ima e, ao mesmo tempo, um apelo enft̀ico s̉ autoridades pb︢licas brasileiras para que observem rigorosamente o aludido princp̕io. Resultado de maturidade ter̤ica e de larga experin̊cia profissional, o livro nos convida a pensar sobre os prp̤rios fundamentos do Direito e da vida em sociedade. 
506 1 |a Disponible solo en los productos indicados  |d vLex Global  |d vLex Global (Academic Edition, excluding Law Schools)  |d vLex Global (U.S. Academic Edition, Law Schools)  |d vLex Global (U.S. Academic Edition, excluding Law Schools)  |d vLex Global (Academic Edition, Law Schools) 
650 0 4 |a Derecho Pb︢lico y Administrativo  |z Brasil 
700 1 |a Dal Pozzo, Augusto Neves 
740 0 |a vLex Libros (Servicio en ln̕ea) 
856 4 0 |u http://vlex.com/source/ensaio-sobre-o-conteudo-juridico-da-confian-a-legitima-e-sua-incid-ncia-no-setor-de-infraestrutura-30564  |z Acceso restringido 
942 |c BOOK 
999 0 |a Public and Administrative Law